LIBRARY & INFORMATION CENTRE, KCAET, TAVANUR

ONLINE PUBLIC ACCESS CATALOGUE (OPAC)

Rubaiyat of Omar Khayam / (Record no. 6029)

MARC details
000 -LEADER
fixed length control field 00343cam a2200145ua 4500
041 ## - LANGUAGE CODE
Language code of text/sound track or separate title eng
082 ## - DEWEY DECIMAL CLASSIFICATION NUMBER
Classification number 821
Item number OMA/RU
100 ## - MAIN ENTRY--AUTHOR NAME
Personal name Omar, Khayam .
245 ## - TITLE STATEMENT
Title Rubaiyat of Omar Khayam /
260 ## - PUBLICATION, DISTRIBUTION, ETC. (IMPRINT)
Place of publication London :
Name of publisher Collins ,
Year of publication 1961.
300 ## - PHYSICAL DESCRIPTION
Number of Pages 316 ; .
942 ## - ADDED ENTRY ELEMENTS (KOHA)
Koha item type Books
Holdings
Withdrawn status Lost status Damaged status Home library Current library Date acquired Cost, normal purchase price Full call number Accession Number Koha item type Public note
Withdrawn     KAUAET Sanskrit University 07/04/2012 6.00 821 6539 Books Transferred to Sanskrit University
free website counter